000 00756 a2200181 4500
003 Nust
005 20170207153157.0
040 _cNust
082 _a005.8
100 _aAhmad, Masaud ( MSIS-1)
245 _aDesign and analysis of non- linear random sequence generator
_cMasaud Ahmed
260 _bMCS (NUST)
_cSep, 2005
_aRawalpindi
300 _a80,P.;
505 _aThesis introduction (page-1) An overview of cryptography (page-13) Random number generations and mixing functions (page-24) Pseudo-random and real random sequence generators (page-33)Statiscal analysis for randomness (page-48) Non linear random sequence generator (page-57) Analysis and testing (page-63)
538 _aAlmirah No.70 Shelf No.3
650 _aPG Thesis
651 _aMSIS-1
942 _cTHS
999 _c180790
_d180790